000 00644nam a22001937a 4500
003 BUBTL
008 190311b xxu||||| |||| 00| 0 eng d
020 _a984-18-0241-4
082 _a891.443 / JAD
100 _92167
_aযাযাবর
245 _aদৃষ্টিপাত /
_cযাযাবর
250 _a1st ed.
260 _aঢাকা :
_bবিশ্বসাহিত্য কেন্দ্র প্রকাশনা,
_c c2006
300 _a127 p. :
_c21 cm.
650 0 _91689
_aবাংলা সাহিত্য
856 _k0
_l0
_yDownload
942 _2ddc
_cBK
999 _c5911
_d5911